Informačná sústava v doprave

Salvato in:
Dettagli Bibliografici
Autore principale: Svoboda, Stanislav
Altri autori: Král, Bohumil
Natura: Libro
Lingua:ceco
Pubblicazione: Praha Nakl. dopr. a spojů 1987
Edizione:1. vyd.
Tags: Aggiungi Tag
Nessun Tag, puoi essere il primo ad aggiungerne!!

MARC

LEADER 00000nam a2200000 4500
001 c024490
005 20240411081159.4
041 0 |a cze 
044 |a CZ 
245 1 0 |a Informačná sústava v doprave  |c Stanislav Svoboda, Bohumil Král 
250 |a 1. vyd. 
264 1 |a Praha  |b Nakl. dopr. a spojů  |c 1987 
300 |a 138 s. 
100 1 |a Svoboda, Stanislav 
700 1 |a Král, Bohumil